Movies... By 14 Other Categories! Quiz Stats

 Plays Quiz Updated Mar 27, 2019

Score 0/14 Timer 06:00
0 Plays Today
Question Answer Wrong Answers
Music: Who sang My Heart Will Go On, the main theme song of the movie Titanic (1997)? Céline Dion
96.6%
Mariah Carey
1.1%
Madonna
0.2%
Gwen Stefani
0.2%
Gaming: Lara Croft, adventurous archaeologist portrayed by Angelina Jolie (among others), is based on this video game franchise: Tomb Raider
96.2%
Bioshock
0.5%
Grim Fandango
0.5%
King's Quest
0.6%
Religion: The protagonist of which movie becomes God for a week? Bruce Almighty
95.2%
Avatar
0.9%
Seven Years in Tibet
1.2%
Superman
0.4%
Entertainment: Which of these Broadway musicals was originally an animated movie? The Lion King
93%
Annie
2.6%
The Sound of Music
1.1%
West Side Story
1.1%
Geography: Which country has a major branch of tourism named Tolkien tourism, as it was the filming site of the movie trilogy Lord Of The Rings? New Zealand
92.5%
Australia
3.3%
Chile
1.1%
Venezuela
1%
Television: In which of these movies is the main character employed by a TV station? Groundhog Day
90.9%
Patriots Day
2.6%
The Remains of the Day
1.8%
Training Day
2.2%
Holiday: 1988 action movie Die Hard, starring Bruce Willis, is set during which holiday? Christmas
90.1%
Valentine's Day
1.5%
St. Patrick's Day
1.4%
4th of July
4.6%
Language: 'Hasta la vista, baby', the famous Arnold Schwarzenegger's catchphrase from the 1991 sci-fi thriller Terminator 2: Judgment Day, comes from which language? Spanish
84.8%
French
1.6%
Italian
8.4%
Portuguese
2.9%
Just For Fun: Which of the following colors completes the 2018 superhero blockbuster movie title: ______ Panther? Black
73.1%
Beige
0.3%
Pink
24.3%
Red
0.2%
Sports: What is the last of the 5 D's of dodgeball, according to the movie DodgeBall: A True Underdog Story, if the first four are Dodge - Duck - Dip - Dive? Dodge
63.2%
Destroy
20.8%
Divide
2.2%
Drop
11.4%
Literature: In which Harry Potter movie did Michael Gambon make his debut as Albus Dumbledore? The Prisoner of Azkaban (2004)
57.2%
The Chamber of Secrets (2002)
19.5%
The Goblet of Fire (2005)
15%
The Order of Phoenix (2007)
6.3%
Miscellaneous: One of the main characters of Pixar's Cars franchise, Sally Carrera, is a car made by which manufacturer? Porsche
57.1%
Chevrolet
14.6%
Ferrari
21.7%
Honda
4.2%
Science: What was the name of the Warner Bros' sound film system that helped airing of The Jazz Singer, the first-ever original feature sound film, in 1927? Vitaphone
54.4%
Prizma
8.9%
Showscan
9.9%
Touch-Tone
24.5%
History: A video report made by Camille Cerf, showing the coronation of this European monarch in 1896, is often considered the first-ever documentary film: Nicholas II
26.5%
Franz Joseph I
20.4%
Victoria
33.7%
Wilhelm II
17.3%

You're not logged in!

Compare scores with friends on all Sporcle quizzes.
OR
Log In

Sporcle TV

Today on Sporcle TV


Watch our educational content, quiz creation guides, and fun videos on Sporcle TV.

Show Comments

Extras

Top Quizzes Today


Score Distribution

Your Account Isn't Verified!

In order to create a playlist on Sporcle, you need to verify the email address you used during registration. Go to your Sporcle Settings to finish the process.

Report this User

Report this user for behavior that violates our Community Guidelines.

Details: